বাঙালী জাতীয়তাবাদ ও জাতীয় সাধনা / (Record no. 102491)
[ view plain ]
| 000 -LEADER | |
|---|---|
| fixed length control field | 00758nam a22001817a 4500 |
| 003 - CONTROL NUMBER IDENTIFIER | |
| control field | BD-DhUL |
| 005 - DATE AND TIME OF LATEST TRANSACTION | |
| control field | 20160829170039.0 |
| 008 - FIXED-LENGTH DATA ELEMENTS--GENERAL INFORMATION | |
| fixed length control field | 160829s1972 bg ||||| |||| 00| 0 ben |
| 040 ## - CATALOGING SOURCE | |
| Original cataloging agency | BD-DhUL |
| Transcribing agency | BD-DhUL |
| 082 ## - DEWEY DECIMAL CLASSIFICATION NUMBER | |
| Classification number | 915.4145 |
| Item number | GOB |
| 100 1# - MAIN ENTRY--PERSONAL NAME | |
| Personal name | কামাল, গোলাম মুস্তফা |
| 245 10 - TITLE STATEMENT | |
| Title | বাঙালী জাতীয়তাবাদ ও জাতীয় সাধনা / |
| Statement of responsibility, etc. | গোলাম মুস্তফা কামাল |
| 260 ## - PUBLICATION, DISTRIBUTION, ETC. (IMPRINT) | |
| Place of publication, distribution, etc. | ঢাকা : |
| Name of publisher, distributor, etc. | গোলাম মোস্তফা কামাল, |
| Date of publication, distribution, etc. | ১৯৭২ |
| 300 ## - PHYSICAL DESCRIPTION | |
| Extent | ১০৭ পৃ. ; |
| Dimensions | ২২ সেমি. |
| 651 #0 - SUBJECT ADDED ENTRY--GEOGRAPHIC NAME | |
| Geographic name | জাতীয়তাবাদ |
| Geographic subdivision | বাংলাদেশ |
| 651 #0 - SUBJECT ADDED ENTRY--GEOGRAPHIC NAME | |
| Geographic name | Nationalism |
| Geographic subdivision | Bangladesh |
| 942 ## - ADDED ENTRY ELEMENTS (KOHA) | |
| Source of classification or shelving scheme | |
| Koha item type | Books |
| Price effective from | Date last seen | Permanent Location | Not for loan | Date acquired | Source of classification or shelving scheme | Koha item type | Lost status | Withdrawn status | Copy number | Source of acquisition | Collection code | Damaged status | Shelving location | Barcode | Current Location | Full call number |
|---|---|---|---|---|---|---|---|---|---|---|---|---|---|---|---|---|
| 2016-08-29 | 2016-08-29 | Dhaka University Library | 2016-08-29 | Books | 4 | Purchased | Non Fiction | General Stacks | A99716 | Dhaka University Library | 915.4145 GOB | |||||
| 2016-08-29 | 2016-08-29 | Dhaka University Library | 2016-08-29 | Books | 1 | Purchased | Non Fiction | General Stacks | A87990 | Dhaka University Library | 915.4145 GOB | |||||
| 2016-08-29 | 2016-08-29 | Dhaka University Library | 2016-08-29 | Books | 6 | Purchased | Non Fiction | General Stacks | A99718 | Dhaka University Library | 915.4145 GOB | |||||
| 2016-08-29 | 2016-08-29 | Dhaka University Library | 2016-08-29 | Books | 5 | Non Fiction | General Stacks | A99717 | Dhaka University Library | 915.4145 GOB | ||||||
| 2016-08-29 | 2016-08-29 | Dhaka University Library | 2016-08-29 | Books | 3 | Non Fiction | General Stacks | A99715 | Dhaka University Library | 915.4145 GOB | ||||||
| 2016-09-22 | 2016-09-22 | Dhaka University Library | 2016-09-22 | Books | 2 | purchased | Non Fiction | General Stacks | A83603 | Dhaka University Library | 915.4145 GOB | |||||
| 2016-09-26 | 2016-09-26 | Dhaka University Library | 2016-09-26 | Books | 7 | purchased | Non Fiction | General Stacks | A99719 | Dhaka University Library | 915.4145 GOB |
